header

Energy and international war (Record no. 12619)

MARC details
000 -LEADER
fixed length control field 01862nam a2200433Ia 4500
082 04 - DEWEY DECIMAL CLASSIFICATION NUMBER
Classification number 333.79
100 1# - MAIN ENTRY--AUTHOR NAME
Personal name Singer, Clifford.
245 10 - TITLE STATEMENT
Title Energy and international war
260 ## - PUBLICATION, DISTRIBUTION, ETC. (IMPRINT)
Place of publication New Jersey :
Name of publisher World Scientific,
Year of publication c2008.
300 ## - PHYSICAL DESCRIPTION
Number of Pages xviii, 434 p. :
Other physical details ill., maps.
490 1# - SERIES STATEMENT
Series statement World Scientific series on energy and resource economics,
650 #0 - SUBJECT ADDED ENTRY--TOPICAL TERM
Topical Term Power resources
Topical Term Security, International
Topical Term Strategic materials
Topical Term Natural resources
Topical Term Energy industries
Topical Term World politics
Topical Term World politics
856 40 - ELECTRONIC LOCATION AND ACCESS
Uniform Resource Identifier http://site.ebrary.com/lib/rucke/Doc?id=10688100
830 #0 - SERIES ADDED ENTRY--UNIFORM TITLE
-- 1793-4184 ;

No items available.

© 2026 Rongo University
Contact us: librarian | system librarian | Rongo university